MARC details
| 000 -LEADER |
| fixed length control field |
01688cam a2200421 i 4500 |
| 001 - CONTROL NUMBER |
| control field |
200462357 |
| 003 - CONTROL NUMBER IDENTIFIER |
| control field |
TR-AnTOB |
| 005 - DATE AND TIME OF LATEST TRANSACTION |
| control field |
20251230091025.0 |
| 007 - PHYSICAL DESCRIPTION FIXED FIELD--GENERAL INFORMATION |
| fixed length control field |
ta |
| 008 - FIXED-LENGTH DATA ELEMENTS--GENERAL INFORMATION |
| fixed length control field |
240829s2021 tu d b 000 0 tur d |
| 020 ## - INTERNATIONAL STANDARD BOOK NUMBER |
| International Standard Book Number |
9789754915105 |
| Qualifying information |
(paperback) |
| 035 ## - SYSTEM CONTROL NUMBER |
| System control number |
(TR-AnTOB)200462357 |
| 040 ## - CATALOGING SOURCE |
| Original cataloging agency |
T9K |
| Language of cataloging |
eng |
| Description conventions |
rda |
| Transcribing agency |
T9K |
| Modifying agency |
TR-AnTOB |
| 041 0# - LANGUAGE CODE |
| Language code of text/sound track or separate title |
Türkçe |
| 060 ## - NATIONAL LIBRARY OF MEDICINE CALL NUMBER |
| Classification number |
WA 900 JT8 |
| Item number |
T939 2021 |
| 096 ## - LOCALLY ASSIGNED NLM-TYPE CALL NUMBER (OCLC) |
| Classification number |
WA900 JT8 |
| Item number |
T939 2021 |
| 245 00 - TITLE STATEMENT |
| Title |
2018 Türkiye nüfus ve sağlık araştırması ileri analiz çalışması : |
| Remainder of title |
Türkiye'de ve Suriyeli sığınmacılarda anne çocuk sağlığı hizmetlerinin kullanımı ve riskli gebelikler. |
| 246 00 - VARYING FORM OF TITLE |
| Title proper/short title |
Türkiye'de ve Suriyeli sığınmacılarda anne çocuk sağlığı hizmetlerinin kullanımı ve riskli gebelikler |
| 264 #1 - PRODUCTION, PUBLICATION, DISTRIBUTION, MANUFACTURE, AND COPYRIGHT NOTICE |
| Place of production, publication, distribution, manufacture |
Ankara : |
| Name of producer, publisher, distributor, manufacturer |
Hacettepe Üniversitesi Nüfus Etütleri Enstitüsü, |
| Date of production, publication, distribution, manufacture, or copyright notice |
2021. |
| 300 ## - PHYSICAL DESCRIPTION |
| Extent |
vi, 124 pages : |
| Other physical details |
tables, graphics ; |
| Dimensions |
28 cm |
| 336 ## - CONTENT TYPE |
| Content type term |
text |
| Content type code |
txt |
| Source |
rdacontent |
| 337 ## - MEDIA TYPE |
| Media type term |
unmediated |
| Media type code |
n |
| Source |
rdamedia |
| 338 ## - CARRIER TYPE |
| Carrier type term |
volume |
| Carrier type code |
nc |
| Source |
rdacarrier |
| 500 ## - GENERAL NOTE |
| General note |
"Yayın no: NEE-HÜ, 21.01" |
| 504 ## - BIBLIOGRAPHY, ETC. NOTE |
| Bibliography, etc. note |
Includes bibliographical references. |
| 650 #2 - SUBJECT ADDED ENTRY--TOPICAL TERM |
| Topical term or geographic name entry element |
Health Surveys |
| General subdivision |
statistics & numerical data |
| 9 (RLIN) |
117235 |
|
| Topical term or geographic name entry element |
Health Status Indicators |
| 9 (RLIN) |
117251 |
|
| Topical term or geographic name entry element |
Pregnancy |
| 9 (RLIN) |
5632 |
|
| Topical term or geographic name entry element |
Maternal Health Services |
| 9 (RLIN) |
140634 |
| 651 #0 - SUBJECT ADDED ENTRY--GEOGRAPHIC NAME |
| Geographic name |
Turkey |
| 9 (RLIN) |
119714 |
| 653 #0 - INDEX TERM--UNCONTROLLED |
| Uncontrolled term |
Child Health Services |
| 655 #7 - INDEX TERM--GENRE/FORM |
| Genre/form data or focus term |
Statistics |
| Source of term |
lcgft |
| 9 (RLIN) |
117237 |
| 710 2# - ADDED ENTRY--CORPORATE NAME |
| Corporate name or jurisdiction name as entry element |
Hacettepe Üniversitesi. |
| Subordinate unit |
Nüfus Etütleri Enstitüsü |
| 9 (RLIN) |
137521 |
|
| Corporate name or jurisdiction name as entry element |
Türkiye. |
| Subordinate unit |
Cumhurbaşkanlığı. |
| -- |
Strateji ve Bütçe Başkanlığı |
| 9 (RLIN) |
122940 |
|
| Corporate name or jurisdiction name as entry element |
Türkiye Cumhuriyeti. |
| Subordinate unit |
Sağlık Bakanlığı |
| 9 (RLIN) |
91958 |
| 942 ## - ADDED ENTRY ELEMENTS (KOHA) |
| Source of classification or shelving scheme |
National Library of Medicine |
| Koha item type |
Book |